000 00900nam a22002537a 4500
005 20150319120859.0
010 _aBAC-EN21 ENG-112009
020 _a9788121927956
_c495.00
020 _a8121927951
_c495.00
035 _aEN-95541
035 _aB-589104-137
037 _adpl
_bTechniz/Ven
037 _bDBAD/PUB
082 _a000
100 _aVerma, Sanjeev
245 _aA complete kit for MBA entrance examinations :
_cby Sanjeev Verma [and] J.K.Gangal
_bfor CAT,MAT, XLRI,FMS,XAT,JMET and all other MBA entrance examinations /
250 _arev. ed
260 _aNew Delhi
_bS.Chand
_c2011
270 _a7361, Ram Nagar
_bNew Delhi
_e110055
300 _aviii,1072p. :
_bill.
_c24cm(pbk)
700 _aGangal, J.K.
942 _2ddc
_cEN
_mVER
_h000
999 _c88897
_d88897